000 00592nam a22002057a 4500
005 20251108165802.0
008 250721s1984 xx 000 0 ara d
082 1 4 _aم/415.09/سيد
100 1 _aبكر، السيد يعقوب
245 1 0 _aنصوص في النحو العربي /
264 1 _aبيروت :
_bدار النهضة العربية،
_c1984.
300 _a
650 1 7 _aاللغة العربية
650 1 7 _aالنحو والصرف
650 1 7 _aالتاريخ
650 1 7 _aالنحويون
650 1 7 _aالتراجم
942 _2ddc
_cREF
999 _c31229
_d31229